书目信息 |
| 题名: |
植物分子生态学
|
|
| 作者: | 阮成江 编著 | |
| 分册: | ||
| 出版信息: | 北京 化学工业出版社 2005.03 |
|
| 页数: | 244页 | |
| 开本: | 24cm | |
| 丛书名: | 生态学热点研究丛书 | |
| 单 册: | ||
| 中图分类: | Q948.1 | |
| 科图分类: | ||
| 主题词: | 分子生态学--Fen Zi Sheng Tai Xue , 植物地理学 , 植物生态学--Zhi Wu Sheng Tai Xue | |
| 电子资源: | ||
| ISBN: | 7-5025-6502-7 | |
| 000 | 00944cam 2200313 45 | |
| 001 | 12383 | |
| 005 | 20061226144822.20 | |
| 010 | @a7-5025-6502-7@dCNY 38.00 | |
| 099 | @aCAL 012005029183 | |
| 100 | @a20050329d2005 ekmy0chiy0121 ea | |
| 101 | 0 | @achi |
| 102 | @aCN@b110000 | |
| 105 | @aak a 000yy | |
| 200 | 1 | @a植物分子生态学@AZhi Wu Fen Zi Sheng Tai Xue@f阮成江等编著@Fruan cheng jiang deng bian zhu |
| 210 | @a北京@c化学工业出版社@d2005.03 | |
| 215 | @a244页@c图@d24cm | |
| 225 | 2 | @a生态学热点研究丛书@ASheng Tai Xue Re Dian Yan Jiu Cong Shu |
| 320 | @a有书目 | |
| 410 | 0 | @12001 @a生态学热点研究丛书 |
| 606 | 0 | @a分子生态学@AFen Zi Sheng Tai Xue |
| 606 | 0 | @a植物地理学 |
| 606 | 0 | @a植物生态学@AZhi Wu Sheng Tai Xue |
| 690 | @aQ948.1@v4 | |
| 701 | 0 | @a阮成江@ARuan Cheng Jiang@4编著 |
| 801 | 0 | @aCN@c20061226 |
| 801 | 2 | @aCN@bDUTL@c20050425 |
| 905 | @dQ948.1@eR850 | |
| 906 | @dCNY38.00@n0@r1 | |
| 998 | @aNMU | |
| 植物分子生态学/阮成江等编著.-北京:化学工业出版社,2005.03 |
| 244页:图;24cm.-(生态学热点研究丛书) |
| ISBN 7-5025-6502-7:CNY 38.00 |
| ● |
| 相关链接 |
|
|
|
正题名:植物分子生态学
索取号:Q948.1/R850
 
预约/预借
| 序号 | 登录号 | 条形码 | 馆藏地/架位号 | 状态 | 备注 |
| 1 | 530978 | 205309780 | 生命科学与工程学院资料室/ [索取号:Q948.1/R850] | 在馆 | |
| 2 | 530979 | 205309799 | 生命科学与工程学院资料室/ [索取号:Q948.1/R850] | 在馆 | |
| 3 | 530980 | 205309806 | 生命科学与工程学院资料室/ [索取号:Q948.1/R850] | 在馆 | |
| 4 | 530981 | 205309815 | 生命科学与工程学院资料室/ [索取号:Q948.1/R850] | 在馆 | |
| 5 | 530982 | 205309824 | 生命科学与工程学院资料室/ [索取号:Q948.1/R850] | 在馆 | |
| 6 | 641068 | 206410686 | 自科库401/401自科库 35排2列2层/ [索取号:Q948.1/R850] | 在馆 | |
| 7 | 641069 | 206410695 | 自科库401/401自科库 35排2列2层/ [索取号:Q948.1/R850] | 在馆 |